| 000 | 00541nam a2200193Ia 4500 | ||
|---|---|---|---|
| 003 | GCL | ||
| 008 | 140319s9999 xx 000 0 ara d | ||
| 040 |
_aGCL / _cGCL |
||
| 082 | 0 | 4 |
_aد _b050 |
| 100 | 1 | _aصلاح ابوسيف | |
| 245 | 1 | 0 |
_aفن كتابة السيناريو ( اقرا 479 ) / _cصلاح ابوسيف |
| 300 | _a101 | ||
| 490 |
_aوثائق ونصوص _v0 |
||
| 650 | 0 | 4 | _aالكتابة الفنية |
| 650 | 0 | 4 | _aالسينما |
| 650 | 0 | 4 | _aالحوار الادبى |
| 650 | 0 | 4 | _aالافلام |
| 942 |
_2ddc _cCF |
||
| 999 |
_c27231 _d27231 |
||